书目信息 |
| 题名: |
应用化学动力学
|
|
| 作者: | 莫之光 , 林力农 编著 | |
| 分册: | ||
| 出版信息: | 北京 高等教育出版社 1989.05 |
|
| 页数: | 281页 | |
| 开本: | 21cm | |
| 丛书名: | ||
| 单 册: | ||
| 中图分类: | O643.1 | |
| 科图分类: | ||
| 主题词: | 物理化学 , 量子化学 | |
| 电子资源: | ||
| ISBN: | 7-04-001022-4 | |
| 000 | 00655nam0 2200229 45 | |
| 001 | 0405200980 | |
| 005 | 20040701171503.2 | |
| 010 | @a7-04-001022-4@dCNY2.40 | |
| 100 | @a20040520d1989 km y0chiy0120 ea | |
| 101 | 0 | @achi |
| 105 | @a z 000yy | |
| 200 | 1 | @a应用化学动力学@AYing Yong Hua Xue Dong Li Xue@f莫之光,林力农编著@FMo Zhi Guang,Lin Li Nong Bian Zhu |
| 210 | @a北京@c高等教育出版社@d1989.05 | |
| 215 | @a281页@d21cm | |
| 300 | @a高等学校教学参考书 | |
| 606 | 0 | @a物理化学 |
| 606 | 0 | @a量子化学 |
| 690 | @aO643.1@v3 | |
| 701 | 0 | @a莫之光@4编著 |
| 701 | 0 | @a林力农@4编著 |
| 801 | @aCN@bPftUser@c20040520 | |
| 905 | @dO643.1@e33@b228059@f1 | |
| 应用化学动力学/莫之光,林力农编著.-北京:高等教育出版社,1989.05 |
| 281页;21cm |
| 高等学校教学参考书 |
| ISBN 7-04-001022-4:CNY2.40 |
| ● |
| 相关链接 |
|
|
|
|
正题名:应用化学动力学
索取号:O643.1/33
 
预约/预借
| 序号 | 登录号 | 条形码 | 馆藏地/架位号 | 状态 | 备注 |
| 1 | 0228058 | 000342089 | 密集书库/ [索取号:O643.1/33] | 在馆 | |
| 2 | 0228059 | 001941180 | 第三借阅区/ [索取号:O643.1/33] | 在馆 | |
| 3 | 0228060 | 000342052 | 第二样本阅览室/ [索取号:O643.1/33] | 在馆 |